|
|
|
|
| LEADER |
01222pam a22002898a 4500 |
| 001 |
00040207 |
| 005 |
20171116101155.0 |
| 008 |
170516s2006 ||||||Viesd |
| 020 |
# |
# |
|c 186000
|a 978 604 57 2220 6
|
| 041 |
0 |
# |
|a Vie
|
| 082 |
1 |
# |
|a 657.9
|b K250T
|
| 100 |
0 |
# |
|a Nguyễn, Đình Hựu
|e chủ biên
|
| 245 |
0 |
0 |
|a Kế toán doanh nghiệp từ lý thuyết tới thực hành
|c Nguyễn Đình Hựu; Trần Thế Nữ; Cao Anh Tuấn
|n T1
|b sách tham khảo nội bộ
|
| 250 |
# |
# |
|a (Tái bản lần thứ nhất)
|
| 260 |
# |
# |
|a Hà Nội
|b Chính trị quốc giá Sự thật
|c 2015
|
| 300 |
# |
# |
|a 680 tr.
|c 24 cm
|e thư mục: tr. 670 - 679
|
| 500 |
# |
# |
|a ĐTTS ghi: viện nghiên cứu phát triển kinh doanh
|
| 653 |
# |
# |
|a Kế toán doanh nghiệp
|
| 653 |
# |
# |
|a Lý thuyết
|
| 653 |
# |
# |
|a thực hành
|
| 700 |
1 |
# |
|a Averkov Viktor Viktorovich
|
| 700 |
1 |
# |
|a Cao, Anh Tuấn
|e Dịch
|
| 700 |
1 |
# |
|a Trần, Thế Nữ
|e Hiệu đính
|
| 852 |
# |
# |
|b Kho đọc
|j KD.1001643
|
| 852 |
# |
# |
|j KD.0022458
|j KM.0023464
|
| 910 |
|
|
|d 16/11/2017
|
| 980 |
# |
# |
|a Trung tâm Học liệu Lê Vũ Hùng, Trường Đại học Đồng Tháp
|